00883nam a2200193 4500001000700000003000900007005001700016007000300033008004100036100002700077245025400104260004100358300003100399490004500430830005300475852002100528999001900549952012100568118946ES-MaACL20230906191217.0t|070214s1930 fr r ||||1| fre d1 aPicard, Edmond.99177214aLes constantes du droit b: institutes juridiques modernes : encyclopédie philosophique du droit, premiers principes juridiques permanents, éléments fondamentaux du droit, les grandes fresques du droit, l'hominisme juridique / cEdmond Picard. aParis : bErnest Flammarion, c1921. aIV, 274 p. ; c18 x 11 cm.1 aBibliotheque de philosophie scientifique0 aBibliotheque de philosophie scientifique9181135 aES-MaACLjF-6443 c118946d118946 00104070aATENEOMbATENEOMcDEPO2d2008-01-17eSCl0oF-6443p1124000r2023-02-23 00:00:00w2023-02-23yMONOGRAFIA